| 000 | 00867nam a22002057a 4500 | ||
|---|---|---|---|
| 003 | BD-DhUL | ||
| 005 | 20180524084928.0 | ||
| 008 | 180522s1998 ii ||||| |||| 00| 0 ben | ||
| 020 | _a8176160253 | ||
| 040 |
_aBD-DhUL _cBD-DhUL |
||
| 082 |
_a891.443 _bPAR |
||
| 100 | 1 | _aপাল, সুচিত্রা | |
| 245 | 0 | 0 |
_aরবীন্দ্র-উপন্যাসের পাঠান্তর : _bঅন্বেষণ ও মূল্যায়ন / _cড. সুচিত্রা পাল ; ভূমিকা, অধ্যাপক অমিত্রসূদন ভট্টাচার্য |
| 260 |
_aকলকাতা : _bমডেল, _c১৯৯৮। |
||
| 300 |
_a ১৫২ পৃ. ; _c ২২ সেমি.। |
||
| 365 |
_aIRS _b60 |
||
| 650 | 4 | _aবাংলা উপন্যাস | |
| 650 | 4 | _aBengali fiction | |
| 942 |
_2ddc _cBK |
||
| 999 |
_c241540 _d241540 |
||